| 000 | 00350nam a22001337a 4500 | ||
|---|---|---|---|
| 008 | 250325b |||||||| |||| 00| 0 eng d | ||
| 020 | _a9782165247 | ||
| 050 |
_aPJ2438 _b.O38 |
||
| 100 | _aODUMAH Adama E. | ||
| 245 | _aSociolinguistics; A Nigerian English | ||
| 260 |
_aNigeria _bSam Bookman Education _c1993 |
||
| 300 | _aviii, ix, 49p. | ||
| 942 | _cBK | ||
| 999 |
_c2660 _d2660 |
||